000 00552nam a2200193 a 4500
001 23792
003 CO-ViMGA
008 141112s2004 ck r 000 u spa d
020 _a9789583017759
040 _aCO-ViMGA
_bspa
_cCO-ViMGA
082 0 4 _aCERm1
100 1 _aCervantes Saavedra, Miguel de
_916513
245 1 0 _aMi primer don quijota de la mancha /
_cMiguel de Cervantes Saavedra
260 _aColombia :
_bpanAméricana
300 _a192p.
650 1 4 _a2 : NOVELAS DE AVENTURAS
_934423
650 1 4 _aNOVELA ESPAÑOLA
_9488
942 _2ddc
_cBK
999 _c31875
_d31875